La familia chilena modela el nacimiento de Jesús: catálogo noveno concurso nacional de arte, 1999
Uloženo v:
| Korporace: | , |
|---|---|
| Médium: | Kniha |
| Jazyk: | španělština |
| Vydáno: |
Santiago
Ministerio del Interior
1999
|
| Témata: | |
| Tagy: |
Přidat tag
Žádné tagy, Buďte první, kdo vytvoří štítek k tomuto záznamu!
|
MARC
| LEADER | 00000nam a2200000 a 4500 | ||
|---|---|---|---|
| 001 | UCL0093 | ||
| 003 | CL-VaPUC | ||
| 008 | 030612e19990000CL |||||||||||||||||spa|d | ||
| 082 | 0 | 4 | |a 745.59412 |b ESC |2 21 |
| 110 | 2 | |a Escuela de la Mujer |e author |9 476796 | |
| 710 | 2 | |a PRODEMU |e author |9 476797 | |
| 245 | 1 | 3 | |a La familia chilena modela el nacimiento de Jesús: catálogo noveno concurso nacional de arte, 1999 |
| 300 | |a 81 p | ||
| 942 | |c BK | ||
| 945 | |d 20030612 00:00:00 |a cmena | ||
| 260 | |a Santiago |b Ministerio del Interior |c 1999 | ||
| 650 | 0 | |a Artesanías |9 266634 | |
| 650 | 7 | |a PESEBRES |2 CL-VaPUC |9 476798 | |
| 650 | 0 | |a Artesanías chilenas |9 476795 | |
| 650 | 0 | |a Catálogos |9 256258 | |
| 650 | 7 | |a FESTIVIDADES RELIGIOSAS |2 CL-VaPUC |9 308432 | |
| 583 | |a last modification |c 20030612 00:00:00 |k Rodrigo Vera | ||
| 999 | |c 304121 |d 304119 | ||
| 952 | |0 0 |1 0 |4 0 |6 745_594120000000000_ESC_1999 |7 0 |8 X |9 365943 |a FDOMLP |b FDOMLP |d 2019-11-21 |i 3901424 |o 745.59412 ESC 1999 |p 3901424 |r 2019-11-21 |w 2019-11-21 |y BK_X |k BU2 | ||
| 952 | |0 0 |1 0 |4 0 |6 745_594120000000000_ESC_1999 |7 0 |8 X |9 365944 |a FDOMLP |b FDOMLP |d 2019-11-21 |i 3992616 |o 745.59412 ESC 1999 |p 3992616 |r 2019-11-21 |w 2019-11-21 |y BK_X |k BU2 | ||